| 000 | 00382nam a2200145Ia 4500 | ||
|---|---|---|---|
| 003 | LK-CoDNM | ||
| 008 | 010623t1841 xxu||||| |||| 00| 1 fra d | ||
| 040 |
_aLK-CoDNM _dLK-CoDNM _eLK-CoDNM |
||
| 041 | _afra | ||
| 080 | _a8 H 6 | ||
| 245 | _aLiber De officiis Sacerdotum Buddhicorum | ||
| 260 |
_bImpensis H.B.Koenig Bonnae ad Rhenum _c1841 |
||
| 300 | _bxv,39p., 19 cm | ||
| 942 | _cBK | ||
| 999 |
_c81194 _d81194 |
||